00974cam a2200301 i 45000010008000000030007000080050017000150080041000320200038000730400022001110420009001330840034001421000014001762450140001902460054003302500011003842600034003953000038004294900027004675040026004946500025005206500019005456500022005646510031005867000014006177000014006318300027006451177492YEEZEN20241024151117.0231220s2023 ch ab g b 000 0 chi d a9786263611832q(平裝) :cNT$450 aTWTNMbchicTWTNM anbic a733.9 / 109.9 / 117.42ncsclt1 a彭啟原10a從前從前,有家金淼寫真舘 :b吳金淼.吳金榮兄弟鏡頭下的楊梅故事 /c彭啟原撰文 ; 吳金淼, 吳金榮攝影30a吳金淼.吳金榮兄弟鏡頭下的楊梅故事 a初版 a臺北市 :b遠流,c2023.09 a255面 :b圖, 地圖 ;c23公分1 a新台灣史記 ;v14. a參考書目: 面253. 7a人文地理2lcstt. 7a歷史2lcstt. 7a照片集2lcstt. 7a桃園市楊梅區2lcstt.1 a吳金淼1 a吳金榮 0a新台灣史記 ;v14.